[Event "Extra League 2010/11"]
[Site "masterchessopen.com - Czech Republic"]
[Date "2010.12.04"]
[Round "3"]
[White "Michenka Jozef (CZE)"]
[Black "Cifka Stanislav (CZE)"]
[Result "1-0"]
[WhiteElo "2365"]
[BlackElo "2410"]

1.d4 e6 2.c4 c5 3.d5 exd5 4.cxd5 d6 5.Nc3 g6 6.e4 Bg7 7.Nf3 a6 8.a4 Bg4 9.Be2
Nf6 10.O-O O-O 11.Bf4 Re8 12.Nd2 Bxe2 13.Qxe2 Nh5 14.Be3 Nd7 15.Rfe1 Ne5 16.f4
Nd7 17.Qf3 Qc7 18.Bf2 c4 19.a5 Nhf6 20.Ra4 b5 21.axb6 Nxb6 22.Rb4 Nfd7 23.Ra1
Reb8 24.Qe2 a5 25.Rb5 a4 26.Ra3 Re8 27.Qd1 Ra6 28.Nxa4 Nxa4 29.Rxa4 Rxa4
30.Qxa4 c3 31.bxc3 Qxc3 32.Nf1 Nc5 33.Rxc5 {#r} 1-0

[Event "It (open)"]
[Site "masterchessopen.com - Prague (Czech Republic)"]
[Date "2011.01.13"]
[Round "8"]
[White "Zilka Stepan (CZE)"]
[Black "Bejtovic Jasmin (BIH)"]
[Result "1-0"]
[WhiteElo "2517"]
[BlackElo "2425"]

1.d4 Nf6 2.c4 g6 3.Nc3 Bg7 4.e4 d6 5.Nf3 O-O 6.Be2 c5 7.d5 e6 8.O-O exd5
9.cxd5 a6 10.a4 Bg4 11.a5 Bxf3 12.Bxf3 Nbd7 13.Bf4 Qc7 14.Be2 Rfe8 15.Qc2 Rac8
16.Ra4 Ne5 17.h3 Nfd7 18.Rfa1 h6 19.Bg3 c4 20.Rb4 Nc5 21.Bxe5 Bxe5 22.Rxc4
Bxc3 23.Rxc3 Rxe4 24.Bd3 Rd4 25.Bxg6 fxg6 26.Qxg6+ Qg7 27.Qxd6 Qf8 28.Qxf8+
Kxf8 29.Rac1 Ke7 30.Rxc5 Rxc5 31.Rxc5 Kd6 32.Rc8 Rb4 33.Rh8 Rxb2 34.Rxh6+ Kxd5
35.g4 Ke4 36.Kg2 Kf4 37.Rf6+ Kg5 38.Rf5+ Kg6 39.h4 b5 40.axb6 Rxb6 41.h5+ Kh6
42.Kg3 Rb1 43.Rf6+ Kg5 44.Rg6# 1-0

[Event "Ch USA (amateur) (team) East"]
[Site "masterchessopen.com - Parsippany (USA)"]
[Date "2011.02.21"]
[Round "6"]
[White "Radomskyj Peter (USA)"]
[Black "Friedman Josef (USA)"]
[Result "0-1"]
[WhiteElo "2206"]
[BlackElo "2186"]

1.d4 Nf6 2.c4 e6 3.Nf3 c5 4.d5 exd5 5.cxd5 d6 6.Nc3 g6 7.e4 Bg7 8.Be2 O-O
9.O-O a6 10.a4 Bg4 11.h3 Bxf3 12.Bxf3 Nbd7 13.Bf4 Qe7 14.Re1 Rfe8 15.Qd2 Qf8
16.Ra3 h6 17.Rb3 Rab8 18.a5 Kh7 19.Na4 Qe7 20.Nb6 Ne5 21.Bxe5 Qxe5 22.Nc4 Qe7
23.e5 dxe5 24.Rxe5 Qd7 25.Rb6 Qa4 26.Rxe8 Nxe8 27.b3 Qa1+ 28.Kh2 Be5+ 29.g3
Bc7 30.d6 Bxb6 31.Nxb6 Qd4 32.Qxd4 cxd4 33.d7 Nf6 34.Kg1 Rd8 35.Kf1 Nxd7
36.Bxb7 Nxb6 37.axb6 Rb8 38.Bxa6 Rxb6 39.Bc4 f5 40.Ke2 Kg7 41.Kd3 Rd6 42.b4 g5
43.b5 Kf6 44.Kc2 Ke5 45.f3 h5 46.Bd3 h4 47.g4 fxg4 48.fxg4 Kf4 49.Kb3 Kg3
50.Kc4 Kxh3 51.Kc5 Rd8 {#R} 0-1

[Event "Ch Finland (team) 2010/11"]
[Site "masterchessopen.com - Finland"]
[Date "2011.03.13"]
[Round "9"]
[White "Issakainen Ari (FIN)"]
[Black "Kauko Jussi (FIN)"]
[Result "1-0"]
[WhiteElo "2267"]
[BlackElo "2279"]

1.d4 Nf6 2.c4 c5 3.d5 e6 4.Nc3 exd5 5.cxd5 d6 6.e4 g6 7.Nf3 Bg7 8.Be2 O-O
9.O-O a6 10.a4 Bg4 11.Bf4 Re8 12.Nd2 Bxe2 13.Qxe2 Nh5 14.Be3 Nd7 15.g4 Nhf6
16.f4 h5 17.g5 Ng4 18.Kh1 Nxe3 19.Qxe3 b5 20.axb5 Bxc3 21.Qxc3 axb5 22.Qh3 Qe7
23.Rae1 Ra4 24.e5 Rd4 25.Ne4 dxe5 26.Qxd7 Qxd7 27.Nf6+ Kg7 28.Nxd7 Rxd5 29.Nf6
{#r} 1-0

[Event "It \"]
[Site "masterchessopen.com - Sao Paulo (Brazil)"]
[Date "2011.04.23"]
[Round "6"]
[White "Goncalves Ivan Mesquita V (BRA)"]
[Black "Mazetto Sergio Luiz (BRA)"]
[Result "1/2-1/2"]
[WhiteElo "2052"]
[BlackElo "2178"]

1.d4 g6 2.Nf3 Bg7 3.c4 c5 4.d5 d6 5.e4 Nf6 6.Nc3 O-O 7.Be2 e6 8.O-O a6 9.a4
exd5 10.cxd5 Bg4 11.Nd2 Bxe2 12.Qxe2 Re8 13.f3 Nbd7 14.Nc4 Ne5 15.Nxe5 Rxe5
16.Bf4 Re8 17.Qd2 Rb8 18.Rfe1 Nh5 19.Bg5 Bf6 20.Bxf6 Qxf6 21.Ne2 b5 22.axb5
axb5 23.b4 Ra8 24.Qc3 Qe7 25.Rxa8 Rxa8 26.Ra1 Rxa1+ 27.Qxa1 cxb4 28.Qa8+ Kg7
29.Qa1+ Kg8 {#d} 1/2-1/2

[Event "It (open)"]
[Site "masterchessopen.com - Calvi (France)"]
[Date "2011.04.27"]
[Round "1"]
[White "Guyon Pascal (FRA)"]
[Black "Hamdouchi Hichem (FRA)"]
[Result "0-1"]
[WhiteElo "1865"]
[BlackElo "2610"]

1.d4 Nf6 2.c4 c5 3.d5 e6 4.Nc3 exd5 5.cxd5 d6 6.e4 g6 7.Nf3 a6 8.a4 Bg4 9.Be2
Bg7 10.O-O O-O 11.h3 Bxf3 12.Bxf3 Nbd7 13.Bf4 Ne8 14.Qd2 Ne5 15.Be2 f5 16.Bg5
Qd7 17.a5 Nf6 18.exf5 gxf5 19.f4 Ng6 20.Bxf6 Bxf6 21.Rae1 Bh4 22.Rd1 Qg7
23.Rf3 Rae8 24.Bf1 Bd8 25.Ne2 Re4 26.Ra1 Kh8 27.Kh2 Bf6 28.Rb1 Rg8 29.Nc3 Nh4
30.Rf2 Qg3+ 31.Kh1 Bd4 32.Nd1 Rge8 33.b4 Re1 34.bxc5 Bxf2 35.Qb2+ Kg8 36.Nxf2
Qxg2# 0-1

[Event "It \"]
[Site "masterchessopen.com - Ulan Ude (Russia)"]
[Date "2011.06.10"]
[Round "9"]
[White "Iskusnyh Sergei (RUS)"]
[Black "Nevostrujev Vladimir (RUS)"]
[Result "1/2-1/2"]
[WhiteElo "2460"]
[BlackElo "2441"]

1.d4 Nf6 2.c4 e6 3.Nc3 c5 4.d5 exd5 5.cxd5 d6 6.e4 g6 7.Nf3 Bg7 8.Be2 O-O
9.O-O a6 10.a4 Bg4 11.Bf4 Bxf3 12.Bxf3 Qe7 13.Re1 Nbd7 14.Qd2 Rab8 {#d}
1/2-1/2

[Event "Ch Autonomico"]
[Site "masterchessopen.com - L'Alfas del Pi (Spain)"]
[Date "2011.06.11"]
[Round "1"]
[White "Sanchiz Marti Josep Miquel (ESP)"]
[Black "Camarena Gimenez Rufino (ESP)"]
[Result "0-1"]
[WhiteElo "1986"]
[BlackElo "2397"]

1.d4 Nf6 2.c4 c5 3.d5 e6 4.Nc3 exd5 5.cxd5 d6 6.e4 g6 7.Nf3 Bg7 8.Be2 O-O
9.O-O a6 10.a4 Bg4 11.Rb1 Re8 12.Qc2 Nxe4 13.Nxe4 Rxe4 14.Qxe4 Bf5 15.Qc4 Bxb1
16.b4 Bf5 17.bxc5 dxc5 18.Qxc5 Nd7 19.Qb4 Qb6 20.Qf4 Re8 21.Bc4 Re4 {#R} 0-1

[Event "It \"]
[Site "masterchessopen.com - Bad Homburg (Germany)"]
[Date "2011.06.23"]
[Round "2"]
[White "Langensteiner Matthias (GER)"]
[Black "Wendel Stefan (GER)"]
[Result "1/2-1/2"]
[WhiteElo "2059"]
[BlackElo "2250"]

1.d4 Nf6 2.c4 c5 3.d5 e6 4.Nc3 exd5 5.cxd5 d6 6.e4 g6 7.Nf3 Bg7 8.Be2 O-O
9.O-O a6 10.a4 Bg4 11.Bg5 Nbd7 12.Nd2 Bxe2 13.Qxe2 Re8 14.f4 Qc7 {#d} 1/2-1/2

[Event "It (open) \"]
[Site "masterchessopen.com - Medellin (Colombia)"]
[Date "2011.08.06"]
[Round "5"]
[White "Diaz Arboleda Daniel (COL)"]
[Black "Rios Alejandro (COL)"]
[Result "0-1"]
[WhiteElo "2136"]
[BlackElo "2362"]

1.d4 Nf6 2.c4 e6 3.Nf3 c5 4.d5 exd5 5.cxd5 d6 6.Nc3 g6 7.e4 Bg7 8.Be2 O-O
9.O-O a6 10.a4 Bg4 11.Re1 Re8 12.h3 Bxf3 13.Bxf3 Nbd7 14.Be3 b6 15.Qc2 Qc7
16.Be2 c4 17.Bf1 Rab8 18.Rac1 b5 19.axb5 axb5 20.b4 Qb7 21.g4 Ra8 22.Bd4 Ne5
23.Be2 Nfd7 24.Be3 Ra3 25.Qd2 Nd3 26.Bxd3 cxd3 27.Qxd3 Bxc3 28.Rxc3 Ne5
29.Rxa3 Nxd3 30.Rxd3 Rxe4 31.Bd2 f5 32.Rxe4 fxe4 33.Rd4 Qa8 34.Kh2 Qe8 35.Bf4
Qf7 36.Be3 g5 37.Kg1 h6 38.Kf1 Qf3 39.Kg1 Kf7 40.Kh2 Kg6 41.Kg1 h5 42.Kf1
Qxh3+ {#R} 0-1

[Event "Memorial Kesarovski-Stanchev (open)"]
[Site "masterchessopen.com - Sunny Beach (Bulgaria)"]
[Date "2011.09.01"]
[Round "6"]
[White "Galicek Stanislav (CZE)"]
[Black "Bonev Todor (BUL)"]
[Result "0-1"]
[WhiteElo "2155"]
[BlackElo "2300"]

1.d4 Nf6 2.c4 c5 3.d5 e6 4.Nc3 exd5 5.cxd5 d6 6.e4 g6 7.Nf3 Bg7 8.Be2 O-O
9.O-O a6 10.a4 Bg4 11.Bf4 Re8 12.Nd2 Bxe2 13.Qxe2 Nh5 14.Be3 Nd7 15.Ra3 Qe7
16.Rb1 Rac8 17.g3 c4 18.Rc1 Ne5 19.a5 Qd7 20.Rc2 f5 21.Na4 Qf7 22.f4 Ng4
23.Nb6 Rcd8 24.Rxc4 Bxb2 25.Ra2 Nxe3 26.Qxe3 Bg7 27.Rac2 fxe4 28.Rc7 Qf6
29.Nb3 Re7 30.R2c4 Rde8 31.Rc2 Qf5 32.Rxe7 Rxe7 33.Rc8+ Kf7 34.Nc4 Qxd5 35.Qb6
Rd7 36.Ne3 Qe6 37.Rc7 Rxc7 38.Qxc7+ Qe7 39.Qc8 Nf6 40.f5 Qd7 41.Qc4+ d5 42.Qb4
Bh6 43.Nc2 gxf5 44.Nc5 Qe7 45.Kg2 Bf8 46.Qxb7 Qxb7 47.Nxb7 Ke8 {#R} 0-1

[Event "It \"]
[Site "masterchessopen.com - Moscow (Russia)"]
[Date "2011.10.07"]
[Round "8"]
[White "Kozlovskaya Valentina (RUS)"]
[Black "Bludova Lyudmila (RUS)"]
[Result "1-0"]
[WhiteElo "2281"]
[BlackElo "2190"]

1.d4 Nf6 2.c4 e6 3.Nc3 c5 4.d5 exd5 5.cxd5 d6 6.e4 g6 7.Be2 Bg7 8.Nf3 O-O
9.O-O a6 10.a4 Bg4 11.Bf4 Bxf3 12.Bxf3 Qe7 13.Re1 Ne8 14.Qd2 Nd7 15.Be2 Rc8
16.Bg5 Bf6 17.Bh6 Bg7 18.Bxg7 Kxg7 19.b3 Nef6 20.f4 Rfd8 21.Bc4 Nf8 22.e5 Ne8
23.Re3 f5 24.Rae1 Kg8 25.a5 Ng7 26.Na4 Rc7 27.Qc3 g5 28.exd6 Qxd6 29.fxg5 f4
30.Re4 Ng6 31.Qf6 Kh8 32.Re8+ {#r} 1-0

[Event "Ch Iceland (team) 2011/12"]
[Site "masterchessopen.com - Reykjavik (Iceland)"]
[Date "2011.10.08"]
[Round "2"]
[White "Carstensen Jacob (DEN)"]
[Black "Kuzubov Yuriy (UKR)"]
[Result "0-1"]
[WhiteElo "2372"]
[BlackElo "2623"]

1.d4 Nf6 2.c4 g6 3.Nc3 Bg7 4.e4 d6 5.Nf3 O-O 6.Be2 c5 7.d5 e6 8.O-O exd5
9.cxd5 a6 10.a4 Bg4 11.Bf4 Bxf3 12.Bxf3 Ne8 13.Qd2 Nd7 14.a5 h5 15.Be2 Qe7
16.Bg5 Bf6 17.Bh6 Ng7 18.Ra4 Kh7 19.Be3 Rfe8 20.Bd3 Ne5 21.h3 Nxd3 22.Qxd3 h4
23.Re1 Nh5 24.Rc4 Qd8 25.Ra1 Rc8 26.Qd2 Rc7 27.Raa4 Ree7 28.Ne2 Qe8 29.Nf4
Nxf4 30.Bxf4 Qd8 31.e5 dxe5 32.Bg5 Red7 33.Rxh4+ Kg8 34.Bxf6 Qxf6 35.Rac4 Rc8
36.b4 Rcd8 37.bxc5 Rxd5 38.Qe3 Rd2 39.c6 bxc6 40.Rhe4 R8d3 41.Qb6 Rd4 42.g4
Qh4 43.Qb8+ Kh7 {#R} 0-1

[Event "Steirische Liga 2011/12"]
[Site "masterchessopen.com - Austria"]
[Date "2011.11.26"]
[Round "6"]
[White "Singer Richard (AUT)"]
[Black "Pesorda Ivan (AUT)"]
[Result "1-0"]
[WhiteElo "2263"]
[BlackElo "2278"]

1.d4 Nf6 2.c4 c5 3.d5 e6 4.Nc3 exd5 5.cxd5 d6 6.Nf3 g6 7.e4 Bg7 8.Be2 O-O
9.O-O a6 10.a4 Bg4 11.h3 Bxf3 12.Bxf3 Nbd7 13.Qc2 Qe7 14.Bg5 h6 15.Bh4 Rfc8
16.a5 Qf8 17.Na4 Ne8 18.Bg4 f5 19.exf5 g5 20.f6 Nexf6 21.Be6+ Kh8 22.Bg3 Rd8
23.f4 Qe7 24.fxg5 hxg5 25.Rae1 Ne5 26.Nb6 Rab8 27.Bxe5 dxe5 28.Qg6 e4 29.Qxg5
{#r} 1-0

[Event "Memorial Crespi (open)"]
[Site "masterchessopen.com - Milan (Italy)"]
[Date "2011.12.03"]
[Round "1"]
[White "Agrifoglio Fabio (ITA)"]
[Black "Brunello Marina (ITA)"]
[Result "0-1"]
[WhiteElo "2019"]
[BlackElo "2221"]

1.d4 Nf6 2.c4 e6 3.Nc3 c5 4.d5 exd5 5.cxd5 d6 6.e4 g6 7.Nf3 a6 8.a4 Bg7 9.Be2
O-O 10.O-O Bg4 11.Nd2 Bxe2 12.Qxe2 Nbd7 13.Nc4 Qe7 14.f3 Nh5 15.g4 Nhf6 16.Bg5
Ne5 17.Nb6 Rae8 18.a5 Qc7 19.h3 Ned7 20.Nc4 Ne5 21.Nb6 h6 22.Be3 Qe7 23.Qd2
Kh7 24.b3 Nfd7 25.Nba4 f5 26.Rae1 fxg4 27.fxg4 Nf3+ 28.Rxf3 Rxf3 29.Kg2 Ref8
30.g5 Qe5 31.Ne2 Qxe4 {#R} 0-1

[Event "It \"]
[Site "masterchessopen.com - Beijing (China)"]
[Date "2011.12.16"]
[Round "7"]
[White "Dzagnidze Nana (GEO)"]
[Black "Cmilyte Viktorija (LTU)"]
[Result "1-0"]
[WhiteElo "2516"]
[BlackElo "2503"]

1.d4 Nf6 2.c4 e6 3.Nc3 c5 4.d5 exd5 5.cxd5 d6 6.Nf3 g6 7.e4 Bg7 8.Be2 O-O
9.O-O a6 10.a4 Bg4 11.Nd2 Bxe2 12.Qxe2 Nbd7 13.Nc4 Nb6 14.Na3 Re8 15.Qc2 Nbd7
16.Bg5 Ne5 17.f4 Neg4 18.Nc4 h6 19.Bh4 g5 20.fxg5 Nh7 21.g6 Bd4+ 22.Kh1 Qxh4
23.gxf7+ Kh8 24.g3 Qe7 25.fxe8=Q+ Rxe8 26.Rf4 Rg8 27.Raf1 Nhf6 28.Qe2 Rg5
29.Qf3 Qd7 30.e5 Rh5 31.Rxg4 Rxh2+ 32.Kxh2 Nxg4+ 33.Kg2 Kg8 34.Qf8+ {#r} 1-0

[Event "Ch Australia"]
[Site "masterchessopen.com - North Geelong (Australia)"]
[Date "2011.12.29"]
[Round "3"]
[White "Smirnov Vladimir (RUS)"]
[Black "Zhao Zong-Yuan (AUS)"]
[Result "1/2-1/2"]
[WhiteElo "2401"]
[BlackElo "2564"]

1.d4 Nf6 2.Nf3 c5 3.d5 e6 4.c4 d6 5.Nc3 exd5 6.cxd5 a6 7.a4 g6 8.e4 Bg4 9.Be2
Bg7 10.O-O O-O 11.Re1 Re8 12.Nd2 Bxe2 13.Rxe2 Nbd7 14.Nc4 Nb6 15.Na3 Qc7 16.a5
Nbd7 17.Nc4 Ng4 18.Bf4 Nge5 19.Qb3 Rab8 20.Bxe5 Nxe5 21.Qb6 Qe7 22.Qb3 Qh4
23.h3 Nxc4 24.Qxc4 Re7 25.Rae1 Rbe8 26.Qd3 h5 27.Kh2 Qg5 28.g3 h4 29.Kg2 Be5
30.Qe3 Qf6 31.Qf3 Qg5 32.Qe3 Qf6 33.Qf3 Qh8 34.g4 Qh6 35.Na4 Rf8 36.Nb6 Bf4
37.Nc4 f6 38.Qc3 Qg5 39.Qf3 Be5 40.Qe3 Bf4 41.Qf3 Qh6 {#d} 1/2-1/2

[Event "It (open) \"]
[Site "masterchessopen.com - Moscow (Russia)"]
[Date "2012.02.13"]
[Round "7"]
[White "Iljiushenok Ilia (RUS)"]
[Black "Yakimenko Alexander A (RUS)"]
[Result "1-0"]
[WhiteElo "2422"]
[BlackElo "2258"]

1.d4 e6 2.c4 Nf6 3.Nc3 c5 4.d5 exd5 5.cxd5 d6 6.e4 g6 7.Nf3 a6 8.a4 Bg7 9.Be2
O-O 10.O-O Bg4 11.Nd2 Bxe2 12.Qxe2 Nbd7 13.Nc4 Nb6 14.Ne3 Re8 15.a5 Nc8 16.f3
Nd7 17.Bd2 Qe7 18.Rfe1 Na7 19.Kh1 Rac8 20.Rab1 Ne5 21.b3 Qc7 22.Nc4 Nd7
23.Rbc1 b5 24.axb6 Nxb6 25.Qd3 Rb8 26.Na5 Qc8 27.Bf4 Qd7 28.Bg3 Ra8 29.h3 Nb5
30.Nxb5 axb5 31.Nc6 c4 32.bxc4 bxc4 33.Qb1 Qc7 34.Bf2 Rab8 35.Nxb8 Rxb8 36.Qb5
c3 37.Rb1 c2 38.Rbc1 Bh6 39.Bxb6 Bxc1 40.Rxc1 Rxb6 41.Rxc2 Qxc2 42.Qxb6 Qc1+
43.Qg1 Qc3 44.Qf2 Kf8 45.Kh2 Ke7 46.h4 Qe5+ 47.Qg3 Kf6 48.f4 Qxe4 49.Qc3+ Ke7
50.Qc7+ Ke8 51.Qxd6 f5 52.Qe5+ Kd7 53.h5 Qd3 54.Qe6+ Kc7 55.Qc6+ Kb8 56.d6 Qe2
57.Qc7+ Ka8 58.d7 Qxh5+ 59.Kg3 Qg4+ 60.Kf2 Qh4+ 61.Ke2 Qg4+ 62.Ke3 Qg3+ 63.Kd4
Qf2+ 64.Ke5 Qb2+ 65.Ke6 Qb3+ 66.Kf6 Qb2+ 67.Kf7 Qb3+ 68.Kg7 {#r} 1-0

[Event "Ch Sweden (team) 2011/12"]
[Site "masterchessopen.com - Sweden"]
[Date "2012.03.11"]
[Round "9"]
[White "Jepson Christian (SWE)"]
[Black "Petrov Marijan (BUL)"]
[Result "0-1"]
[WhiteElo "2392"]
[BlackElo "2521"]

1.d4 g6 2.e4 Bg7 3.c4 c5 4.d5 d6 5.Nc3 e6 6.Nf3 Nf6 7.Be2 exd5 8.cxd5 O-O
9.O-O a6 10.a4 Bg4 11.Re1 Re8 12.Nd2 Bxe2 13.Rxe2 Nbd7 14.f4 Rc8 15.a5 c4
16.Ra4 Nc5 17.Rxc4 Nd3 18.Rxc8 Qxc8 19.Nb3 Qc4 20.e5 dxe5 21.fxe5 Nxd5 22.Nxd5
Qxd5 23.Bg5 Rxe5 24.Rxe5 Bxe5 25.Be3 Bxh2+ 26.Kf1 Qf5+ 27.Qf3 Qxf3+ 28.gxf3
Nxb2 29.Bc5 {#R} 0-1

[Event "Bundesliga (2nd) West 2011/12"]
[Site "masterchessopen.com - Germany"]
[Date "2012.03.19"]
[Round "8"]
[White "Zude Erik Dr (GER)"]
[Black "Hendriks Willy (NED)"]
[Result "1/2-1/2"]
[WhiteElo "2400"]
[BlackElo "2427"]

1.Nf3 d6 2.d4 Nf6 3.c4 g6 4.Nc3 Bg7 5.e4 O-O 6.Be2 c5 7.d5 e6 8.O-O exd5
9.cxd5 a6 10.a4 Bg4 11.Nd2 Bxe2 12.Qxe2 Nbd7 13.Nc4 Nb6 14.Ne3 Qe7 15.a5 Nc8
16.Ra4 Na7 17.Nc4 Nb5 18.Nb6 Nd4 19.Qd3 Rae8 20.Bg5 h6 21.Bh4 g5 22.Bg3 Nxe4
23.Re1 Nxc3 24.Rxe7 Rxe7 25.Ra1 Rfe8 26.Kf1 Ne4 27.Nc4 Nb5 28.f3 Nxg3+ 29.hxg3
Be5 30.f4 Bf6 31.Kg1 Re4 32.Rf1 R8e7 33.b3 Kg7 34.Qf3 Re2 35.Kh2 Rc2 36.fxg5
Bxg5 37.Qf5 Rc3 38.Qc8 Rxb3 39.Nb6 Rc7 40.Qb8 Re3 41.Rb1 Ree7 42.Na8 Rcd7
43.Nb6 Rc7 44.Na8 Rcd7 45.Nb6 {#d} 1/2-1/2

[Event "It (open)"]
[Site "masterchessopen.com - Ortisei (Italy)"]
[Date "2012.06.10"]
[Round "9"]
[White "Battistella Stefano (ITA)"]
[Black "Schaefer Michael (GER)"]
[Result "1/2-1/2"]
[WhiteElo "2104"]
[BlackElo "2231"]

1.Nf3 Nf6 2.c4 g6 3.Nc3 Bg7 4.e4 d6 5.d4 O-O 6.Be2 c5 7.d5 e6 8.O-O exd5
9.cxd5 a6 10.a4 Bg4 11.Nd2 Bxe2 12.Qxe2 Re8 13.Qd3 Nbd7 14.Nc4 Ng4 15.Qg3 Nde5
16.Nxe5 Nxe5 17.f4 Nd7 18.e5 dxe5 19.f5 e4 20.fxg6 hxg6 21.Bg5 Qb8 22.Bf4 Be5
23.Nxe4 Bxf4 24.Rxf4 Qe5 25.Raf1 Qd4+ 26.Nf2 Qg7 27.Nh3 Rf8 28.Ng5 Rae8 29.Qh3
Ne5 30.Rh4 f5 31.Ne6 Rxe6 32.dxe6 g5 33.e7 Re8 34.Rh6 Rxe7 35.Qb3+ c4 36.Qb6
Nc6 37.Rxc6 bxc6 38.Qxc6 Qd4+ 39.Kh1 Kg7 40.Qf3 {#d} 1/2-1/2

[Event "It (open)"]
[Site "masterchessopen.com - Nachod (Czech Republic)"]
[Date "2012.07.05"]
[Round "6"]
[White "Peniska Pavel (CZE)"]
[Black "Stanek Piotr (POL)"]
[Result "0-1"]
[WhiteElo "1916"]
[BlackElo "2080"]

1.c4 Nf6 2.d4 e6 3.Nc3 c5 4.d5 exd5 5.cxd5 d6 6.e4 a6 7.a4 g6 8.Be2 Bg7 9.Nf3
O-O 10.O-O Bg4 11.Nd2 Bxe2 12.Qxe2 Nfd7 13.Nc4 Ne5 14.Nxe5 Bxe5 15.Be3 Nd7
16.a5 Re8 17.f3 f5 18.Ra4 Nf6 19.Qd3 Qd7 20.Rc4 fxe4 21.Nxe4 Nxe4 22.Rxe4 Bxb2
23.g3 Rxe4 24.fxe4 Re8 25.Bh6 Qe7 26.Qf3 Bg7 27.Bg5 Bd4+ 28.Kg2 Qxe4 {#R} 0-1

[Event "It (open)"]
[Site "masterchessopen.com - Avoine (France)"]
[Date "2012.07.25"]
[Round "5"]
[White "Nabavi Parwis (SUI)"]
[Black "Navrotescu Catalin (ROM)"]
[Result "0-1"]
[WhiteElo "2164"]
[BlackElo "2391"]

1.d4 Nf6 2.Nf3 g6 3.c4 Bg7 4.Nc3 O-O 5.e4 d6 6.Be2 c5 7.d5 e6 8.O-O exd5
9.cxd5 a6 10.a4 Bg4 11.Bf4 Bxf3 12.Bxf3 Qe7 13.Qd2 Nbd7 14.a5 Rab8 15.Ra2 Rfe8
16.Re1 h5 17.Bd1 b5 18.axb6 Rxb6 19.Ba4 Reb8 20.Qe2 Ng4 21.Bxd7 Qxd7 22.h3 Ne5
23.Na4 Rb3 24.Qxa6 Nd3 25.Qxd6 Qxd6 26.Bxd6 Nxe1 27.Bxb8 Rxb8 28.Nxc5 Bxb2
29.Kf1 Bd4 30.Kxe1 Bxc5 31.Ke2 Bd6 32.h4 Kg7 33.g3 Rb3 34.Rc2 Kf8 35.Ra2 Kg7
36.Rc2 Bb8 37.Rd2 Bd6 38.Rc2 Kf6 39.f4 Rxg3 40.e5+ Bxe5 41.Rc6+ Kf5 42.fxe5
Kxe5 43.d6 Rg4 44.Rc7 Kxd6 45.Rxf7 Ke6 46.Rf8 Rxh4 47.Kf3 Ke7 48.Ra8 Kf6
49.Ra5 Rb4 50.Kg3 Kg7 51.Kh3 Kh6 52.Kg3 h4+ 53.Kh3 g5 54.Rc5 Kh5 55.Ra5 Rb3+
56.Kg2 h3+ 57.Kh2 Kh4 58.Ra4+ g4 59.Rc4 Re3 60.Ra4 Kg5 61.Ra8 Re2+ 62.Kg1 g3
63.Ra5+ Kf4 64.Ra4+ Kf3 65.Ra3+ Re3 66.Ra1 g2 67.Kh2 Kf2 68.Ra2+ Re2 69.Ra1
Re1 70.Ra2+ Kf1 {#R} 0-1

[Event "It \"]
[Site "masterchessopen.com - Helsingor (Denmark)"]
[Date "2012.07.29"]
[Round "2"]
[White "Henrichsen Jens (DEN)"]
[Black "Bejtovic Jasmin (BIH)"]
[Result "0-1"]
[WhiteElo "1887"]
[BlackElo "2408"]

1.d4 Nf6 2.Nf3 g6 3.c4 Bg7 4.Nc3 O-O 5.e4 d6 6.Be2 c5 7.d5 e6 8.O-O a6 9.a4
exd5 10.cxd5 Bg4 11.h3 Bxf3 12.Bxf3 Re8 13.Bf4 Qc7 14.Qd2 Nbd7 15.Rfe1 c4
16.Bd1 Nc5 17.Bc2 Nfd7 18.Be3 Ne5 19.f4 Ned3 20.Bxd3 Nb3 21.Qe2 cxd3 22.Qxd3
Nxa1 23.Rxa1 Rac8 24.Rc1 Qc4 25.Qxc4 Rxc4 26.e5 dxe5 {#R} 0-1

[Event "It (open)"]
[Site "masterchessopen.com - Civitanova Marche (Italy)"]
[Date "2012.08.27"]
[Round "7"]
[White "Naumkin Igor (RUS)"]
[Black "Teutsch Alexander (ITA)"]
[Result "1-0"]
[WhiteElo "2463"]
[BlackElo "2089"]

1.d4 Nf6 2.Nf3 e6 3.c4 c5 4.d5 exd5 5.cxd5 d6 6.Nc3 g6 7.e4 a6 8.a4 Bg4 9.Be2
Bg7 10.O-O O-O 11.h3 Bxf3 12.Bxf3 Nbd7 13.Bf4 Qc7 14.Re1 Rfe8 15.a5 Rab8
16.Qc2 Ne5 17.Be2 h6 18.Bd2 g5 19.Nd1 Ng6 20.Ra4 Nf4 21.Ne3 Qd7 22.Bf1 b5
23.axb6 Rxb6 24.Nc4 Rb4 25.Rxa6 Reb8 26.Bxb4 Rxb4 27.Nxd6 {#r} 1-0

[Event "It (open)"]
[Site "masterchessopen.com - Istanbul (Turkey)"]
[Round "2"]
[White "Soylemez Cansu (TUR)"]
[Black "El-Gehani Ghassan (LBA)"]
[Result "1-0"]
[WhiteElo "1946"]
[BlackElo "2276"]

1.d4 Nf6 2.c4 c5 3.d5 e6 4.Nc3 exd5 5.cxd5 d6 6.e4 g6 7.Be2 Bg7 8.Nf3 O-O
9.O-O a6 10.a4 Bg4 11.Nd2 Bxe2 12.Qxe2 Nbd7 13.a5 Re8 14.Nc4 Ne5 15.Nb6 Rb8
16.f4 Ned7 17.Nc4 Qe7 18.Re1 Nh5 19.g4 Bd4+ 20.Kh1 Ng7 21.Bd2 b5 22.axb6 Nxb6
23.Na5 Qh4 24.Nc6 Ra8 25.Rxa6 Rxa6 26.Qxa6 Qxg4 27.Nxd4 cxd4 28.Qxb6 dxc3
29.bxc3 Qf3+ 30.Kg1 Rxe4 31.Rxe4 Qxe4 32.Qxd6 Nf5 33.Qb8+ Kg7 34.Qe5+ Qxe5
35.fxe5 Ne7 36.c4 Kf8 37.Bb4 Ke8 38.Bxe7 Kxe7 39.d6+ Kd7 40.Kf2 f5 41.exf6
Kxd6 42.c5+ {#r} 1-0